[Event "Portuguese Masters"]
[Site "Fatima"]
[Date "2021.04.10"]
[Round "6"]
[White "Veiga, Jose Francisco RP"]
[Black "Rocha, Sergio MC"]
[Result "1-0"]
[WhiteElo "2350"]
[BlackElo "2346"]
[PlyCount "97"]
[EventDate "2021.04.06"]
[EventType "tourn"]
[EventRounds "9"]
[EventCountry "POR"]
[EventCategory "1"]
[SourceTitle "CBM 201 Extra"]
[Source "ChessBase"]
[SourceDate "2021.05.31"]
[SourceVersion "1"]
[SourceVersionDate "2021.05.31"]
[SourceQuality "1"]

1. e4 c5 2. Nf3 Nc6 3. d4 cxd4 4. Nxd4 Qb6 5. Nb3 Nf6 6. Nc3 e6 7. Bd3 a6 8. Be3 Qc7 9. f4 d6 10. Qf3 b5 11. g4 Bb7 12. 0-0-0 Nd7 13. Kb1 g6 14. Nd4 Nxd4 15. Bxd4 e5 16. fxe5 dxe5 17. Be3 b4 18. Nd5 Bxd5 19. exd5 Bd6 20. Rhf1 0-0 21. Bh6 a5 22. Bb5 e4 23. Qxe4 Rfe8 24. Qf3 Re7 25. Bg5 Ne5 26. Qh3 Qc5 27. Bxe7 Bxe7 28. d6 Bxd6 29. Qg2 Rc8 30. Rd5 Qc7 31. Rfd1 Bf8 32. Bd7 Rd8 33. Bb5 Rc8 34. h3 h6 35. Qd2 Bg7 36. Rd8+ Kh7 37. Rxc8 Qxc8 38. Qd5 Qc7 39. Rf1 Qe7 40. Qe4 Qc5 41. Qe2 a4 42. Be8 Nc4 43. Bxf7 Qd4 44. c3 Nd2+ 45. Kc2 bxc3 46. Qe8 h5 47. Bxg6+ Kh6 48. Bd3 Nxf1 49. Qg6# 1-0

[Event "Portuguese Masters"]
[Site "Fatima"]
[Date "2021.04.07"]
[Round "2"]
[White "Santos, Jose Guilherme B Li"]
[Black "Rocha, Sergio MC"]
[Result "0-1"]
[WhiteElo "2304"]
[BlackElo "2346"]
[PlyCount "78"]
[EventDate "2021.04.06"]
[EventType "tourn"]
[EventRounds "9"]
[EventCountry "POR"]
[EventCategory "1"]
[SourceTitle "CBM 201 Extra"]
[Source "ChessBase"]
[SourceDate "2021.05.31"]
[SourceVersion "1"]
[SourceVersionDate "2021.05.31"]
[SourceQuality "1"]

1. e4 c5 2. Nf3 Nc6 3. Bb5 g6 4. 0-0 Bg7 5. c3 e5 6. d4 cxd4 7. cxd4 exd4 8. Bf4 Nge7 9. Bd6 0-0 10. a4 b6 11. Nbd2 Bb7 12. Bc4 Na5 13. Bd3 Re8 14. b4 Nc8 15. Bg3 Nc6 16. Qb3 d6 17. Rac1 a5 18. Bb5 N8a7 19. Bc4 Qe7 20. bxa5 Nxa5 21. Qxb6 Nxc4 22. Nxc4 Nc8 23. Qb4 Bxe4 24. Ncd2 d5 25. Qb3 Nd6 26. Rfe1 h6 27. Qb6 Nf5 28. a5 g5 29. Rc7 Qa3 30. Qc6 Qxa5 31. Nxe4 dxe4 32. Qd7 Re7 33. Rc8+ Rxc8 34. Qxc8+ Kh7 35. Nd2 Nxg3 36. hxg3 Qxd2 37. Qf5+ Kg8 38. Ra1 Re8 39. Ra7 Qc1+ 0-1

[Event "POR-ch"]
[Site "Odivelas"]
[Date "2020.09.14"]
[Round "9"]
[White "Diogo, Vasco Andre Marcalo"]
[Black "Rocha, Sergio MC"]
[Result "1-0"]
[WhiteElo "2207"]
[BlackElo "2341"]
[PlyCount "167"]
[EventDate "2020.09.07"]
[EventType "tourn"]
[EventRounds "9"]
[EventCountry "POR"]
[EventCategory "2"]
[SourceTitle "CBM 198 Extra"]
[Source "ChessBase"]
[SourceDate "2020.11.30"]
[SourceVersion "1"]
[SourceVersionDate "2020.11.30"]
[SourceQuality "1"]

1. e4 c6 2. d3 d5 3. Nd2 e5 4. Ngf3 Bd6 5. g3 Ne7 6. Bg2 f6 7. 0-0 d4 8. c3 c5 9. Qb3 Nbc6 10. a4 Bg4 11. cxd4 cxd4 12. Nc4 Be6 13. Bd2 0-0 14. Rfc1 Qd7 15. a5 h6 16. Nh4 Rab8 17. Nf5 Bc7 18. g4 Kh7 19. Qa3 Ng6 20. b4 a6 21. Nb6 Qd8 22. Nd5 Bd6 23. Qa4 Na7 24. Qd1 Nb5 25. Rc2 Ne7 26. Qf3 Ng8 27. Rac1 Rf7 28. h4 g6 29. Ng3 Qd7 30. Bh3 Rbf8 31. Nb6 Qe7 32. h5 g5 33. Nf5 Bxf5 34. exf5 Rd8 35. Bg2 Qf8 36. Rc4 Bb8 37. Qd1 Nd6 38. Rc5 Ne7 39. Qb3 Kg7 40. Qe6 Nc6 41. Bxc6 bxc6 42. Rxc6 Re7 43. Qb3 e4 44. Nd5 Re5 45. Nc7 Bxc7 46. Rxc7+ Re7 47. Qe6 Rxc7 48. Rxc7+ Nf7 49. dxe4 Re8 50. Qd5 Re7 51. Rxe7 Qxe7 52. Qxd4 Ne5 53. Kf1 Qb7 54. Bc3 Nxg4 55. Qd5 Qc7 56. Qc5 Qh2 57. Qe7+ Kg8 58. Qe8+ Kg7 59. Qe7+ Kg8 60. Bd4 Qh1+ 61. Ke2 Qxh5 62. f3 Nh2 63. Qd8+ Kh7 64. Qe7+ Kg8 65. Qd8+ Kh7 66. Qc7+ Kg8 67. Qb8+ Kh7 68. Qb7+ Kg8 69. e5 g4 70. Qc8+ Kh7 71. Qd7+ Kg8 72. Qe6+ Kh7 73. Qe7+ Kg8 74. Qxf6 gxf3+ 75. Kd3 f2 76. Qe6+ Kg7 77. f6+ Kh8 78. Qc8+ Kh7 79. Qb7+ Kg6 80. Qe4+ Kf7 81. e6+ Kg8 82. f7+ Kf8 83. Qa8+ Ke7 84. f8Q+ 1-0

[Event "POR-ch"]
[Site "Odivelas"]
[Date "2020.09.11"]
[Round "6"]
[White "Rocha, Sergio MC"]
[Black "Dias, Paulo Jorge Guimara"]
[Result "1-0"]
[WhiteElo "2341"]
[BlackElo "2341"]
[PlyCount "49"]
[EventDate "2020.09.07"]
[EventType "tourn"]
[EventRounds "9"]
[EventCountry "POR"]
[EventCategory "2"]
[SourceTitle "CBM 198 Extra"]
[Source "ChessBase"]
[SourceDate "2020.11.30"]
[SourceVersion "1"]
[SourceVersionDate "2020.11.30"]
[SourceQuality "1"]

1. d4 Nf6 2. Nf3 c5 3. d5 d6 4. c4 e6 5. Nc3 exd5 6. cxd5 g6 7. h3 Bg7 8. Bf4 0-0 9. e3 Na6 10. Be2 Nc7 11. 0-0 b5 12. Nxb5 Nxb5 13. Bxb5 Rb8 14. a4 a6 15. Bc6 Rxb2 16. Nd2 Rb4 17. Rc1 a5 18. Nc4 Ba6 19. Bb5 Bxb5 20. axb5 Rxb5 21. Bxd6 Re8 22. Qa4 Rb4 23. Qc6 Re4 24. Nd2 Rb6 25. Bc7 1-0

[Event "POR-ch"]
[Site "Odivelas"]
[Date "2020.09.10"]
[Round "4"]
[White "Rocha, Sergio MC"]
[Black "Sousa, Andre Ventura"]
[Result "0-1"]
[WhiteElo "2341"]
[BlackElo "2378"]
[PlyCount "122"]
[EventDate "2020.09.07"]
[EventType "tourn"]
[EventRounds "9"]
[EventCountry "POR"]
[EventCategory "2"]
[SourceTitle "CBM 198 Extra"]
[Source "ChessBase"]
[SourceDate "2020.11.30"]
[SourceVersion "1"]
[SourceVersionDate "2020.11.30"]
[SourceQuality "1"]

1. Nf3 Nf6 2. d4 g6 3. g3 Bg7 4. Bg2 d5 5. c4 0-0 6. cxd5 Nxd5 7. 0-0 Nb6 8. Bd2 Nc6 9. Bc3 Nd5 10. Nbd2 e5 11. dxe5 Nxc3 12. bxc3 Nxe5 13. Nxe5 Bxe5 14. Qc2 c6 15. Rfd1 Qe7 16. Nf3 Bg7 17. Nd4 a6 18. e3 c5 19. Ne2 Bf5 20. Qb3 Bg4 21. Rd2 Rad8 22. Rxd8 Rxd8 23. Nf4 b5 24. h3 Bf5 25. Nd5 Qe5 26. Rd1 Be4 27. c4 Bxg2 28. Kxg2 Qe4+ 29. f3 bxc4 30. Qa4 Qe6 31. Qxc4 Bd4 32. exd4 Rxd5 33. a4 a5 34. Kf2 Qd7 35. Ke3 Qd6 36. g4 Qe6+ 37. Kf2 Qd6 38. Ke3 g5 39. Rd3 Qf4+ 40. Ke2 Rxd4 41. Qxc5 Qh2+ 42. Ke3 Qg1+ 43. Ke2 Qg2+ 44. Ke3 Rxd3+ 45. Kxd3 Qxf3+ 46. Kc4 Qf1+ 47. Kd5 Qd1+ 48. Ke5 Qxa4 49. Kf6 Qf4+ 50. Ke7 Qe4+ 51. Kd8 Qa8+ 52. Kd7 h6 53. h4 gxh4 54. g5 Qb7+ 55. Ke8 Qe4+ 56. Kd8 Qd3+ 57. Ke8 Qe2+ 58. Kd8 Qd2+ 59. Ke8 Qe2+ 60. Kd8 Qh5 61. Ke8 hxg5 0-1

[Event "POR-ch"]
[Site "Odivelas"]
[Date "2020.09.08"]
[Round "2"]
[White "Rocha, Sergio MC"]
[Black "Veiga, Jose Francisco RP"]
[Result "1-0"]
[WhiteElo "2341"]
[BlackElo "2344"]
[PlyCount "69"]
[EventDate "2020.09.07"]
[EventType "tourn"]
[EventRounds "9"]
[EventCountry "POR"]
[EventCategory "2"]
[SourceTitle "CBM 198 Extra"]
[Source "ChessBase"]
[SourceDate "2020.11.30"]
[SourceVersion "1"]
[SourceVersionDate "2020.11.30"]
[SourceQuality "1"]

1. Nf3 Nf6 2. d4 g6 3. e3 Bg7 4. Bd3 0-0 5. b3 d6 6. Bb2 Nbd7 7. Nbd2 e5 8. c4 Re8 9. Bc2 c6 10. Qb1 Qe7 11. b4 e4 12. Ng1 d5 13. b5 dxc4 14. bxc6 bxc6 15. Ne2 Nd5 16. 0-0 Ba6 17. Re1 f5 18. Qc1 Qb4 19. a4 Rab8 20. Ba3 Qa5 21. Bd6 Rb7 22. g4 c5 23. gxf5 gxf5 24. Ng3 cxd4 25. exd4 N5f6 26. Ndf1 Qd5 27. Qf4 Nf8 28. Ne3 Qe6 29. Nexf5 Ng6 30. Qg5 Rb2 31. Bxe4 c3 32. Nxg7 Kxg7 33. Be5 Kf7 34. Bxf6 Qxf6 35. Bd5+ 1-0

[Event "Lisbon Portugal rapid 2op"]
[Site "Lisbon"]
[Date "2020.02.02"]
[Round "5"]
[White "Rocha, Sergio MC"]
[Black "Fernandes, Joao Pedro Murtinho"]
[Result "1-0"]
[WhiteElo "2340"]
[BlackElo "2095"]
[PlyCount "61"]
[EventDate "2020.01.02"]
[EventType "swiss (rapid)"]
[EventRounds "8"]
[EventCountry "POR"]
[SourceTitle "CBM 194 Extra"]
[Source "ChessBase"]
[SourceDate "2020.03.31"]
[SourceVersion "1"]
[SourceVersionDate "2020.03.31"]
[SourceQuality "1"]

1. d4 Nf6 2. Nf3 e6 3. Bg5 c5 4. e3 Nc6 5. c3 Be7 6. Nbd2 0-0 7. Bd3 h6 8. Bh4 cxd4 9. exd4 d6 10. 0-0 Nd5 11. Bg3 f5 12. h3 Bf6 13. Re1 Re8 14. Nc4 Be7 15. a4 b6 16. Qb3 Kh8 17. Rad1 f4 18. Bh2 Bf8 19. Bb1 Ba6 20. Ncd2 Na5 21. Qc2 Nf6 22. Ne4 Kg8 23. Bxf4 Bb7 24. Qe2 Nxe4 25. Bxe4 Bxe4 26. Qxe4 Qf6 27. Bg3 Qf5 28. Qe2 Nc6 29. Nd2 e5 30. Qc4+ d5 31. Qxc6 1-0

[Event "Lisbon Portugal rapid 2op"]
[Site "Lisbon"]
[Date "2020.02.02"]
[Round "3"]
[White "Rocha, Sergio MC"]
[Black "Gomes, Jose Luis Soares"]
[Result "1-0"]
[WhiteElo "2340"]
[BlackElo "1813"]
[PlyCount "63"]
[EventDate "2020.01.02"]
[EventType "swiss (rapid)"]
[EventRounds "8"]
[EventCountry "POR"]
[SourceTitle "CBM 194 Extra"]
[Source "ChessBase"]
[SourceDate "2020.03.31"]
[SourceVersion "1"]
[SourceVersionDate "2020.03.31"]
[SourceQuality "1"]

1. d4 d5 2. Nf3 g6 3. c4 c6 4. Nc3 Bg7 5. a4 Nf6 6. Bf4 0-0 7. e3 dxc4 8. Bxc4 Bf5 9. a5 Nbd7 10. 0-0 Ne4 11. Qb3 Qc8 12. Nxe4 Bxe4 13. Ng5 Bd5 14. Bxd5 cxd5 15. Rfc1 Qd8 16. Bc7 Qe8 17. Qxd5 b6 18. a6 Nf6 19. Qb7 Qb5 20. Nf3 Nd5 21. h3 Nxc7 22. Rxc7 Qxb2 23. Rac1 h5 24. Qe4 Qa3 25. g4 Qxa6 26. gxh5 b5 27. R1c6 Qa1+ 28. Kg2 Qa2 29. Rxe7 f5 30. Rxg7+ Kxg7 31. Rxg6+ Kh7 32. Qf4 1-0

[Event "Lisbon Portugal rapid 2op"]
[Site "Lisbon"]
[Date "2020.02.02"]
[Round "6"]
[White "Stachowiak, Kamil"]
[Black "Rocha, Sergio MC"]
[Result "1-0"]
[WhiteElo "2448"]
[BlackElo "2340"]
[PlyCount "89"]
[EventDate "2020.01.02"]
[EventType "swiss (rapid)"]
[EventRounds "8"]
[EventCountry "POR"]
[SourceTitle "CBM 194 Extra"]
[Source "ChessBase"]
[SourceDate "2020.03.31"]
[SourceVersion "1"]
[SourceVersionDate "2020.03.31"]
[SourceQuality "1"]

1. d4 d6 2. Nf3 Bg4 3. Nbd2 Nd7 4. g3 e5 5. Bg2 Ngf6 6. 0-0 Be7 7. c4 0-0 8. Re1 Re8 9. Qc2 Bf8 10. e4 a5 11. b3 Bh5 12. Bb2 Bg6 13. Nh4 a4 14. b4 a3 15. Bc3 Nb8 16. Nb3 Nc6 17. Nxg6 hxg6 18. d5 Nb8 19. c5 Na6 20. Bd2 Qb8 21. h4 Qc8 22. Rac1 Qd7 23. Qc4 Qg4 24. Na5 dxc5 25. b5 Nb8 26. Nxb7 Nbd7 27. Be3 Nb6 28. Qc2 Qd7 29. Nxc5 Qxb5 30. Bf1 Qb2 31. Qd3 Ng4 32. Nb3 Nxe3 33. Qxe3 Qxa2 34. Re2 Qxe2 35. Bxe2 Na4 36. Rxc7 Reb8 37. Qf3 f6 38. Rc1 Nc5 39. Bc4 Bd6 40. Nxc5 Bxc5 41. d6+ Kf8 42. Qg4 Re8 43. Qd7 Ra7 44. Qc6 Bb4 45. Qd5 1-0

[Event "Lisbon Portugal op"]
[Site "Lisbon"]
[Date "2020.02.01"]
[Round "9"]
[White "Rocha, Sergio MC"]
[Black "Stella, Andrea"]
[Result "0-1"]
[WhiteElo "2343"]
[BlackElo "2465"]
[PlyCount "90"]
[EventDate "2020.01.25"]
[EventType "swiss"]
[EventRounds "9"]
[EventCountry "POR"]
[SourceTitle "CBM 194"]
[Source "ChessBase"]
[SourceDate "2020.01.27"]
[SourceVersion "1"]
[SourceVersionDate "2020.01.27"]
[SourceQuality "1"]

1. d4 Nf6 2. Nf3 g6 3. Bg5 Bg7 4. Nbd2 0-0 5. e4 d5 6. e5 Ne4 7. h4 c5 8. c3 Nc6 9. Bd3 Bf5 10. Qe2 cxd4 11. Nxe4 dxe4 12. Bxe4 Bxe4 13. Qxe4 dxc3 14. bxc3 Qa5 15. 0-0 Nxe5 16. Nxe5 Qxe5 17. Qxb7 Qxc3 18. Bxe7 Rfe8 19. Rae1 a5 20. Qd5 Qd4 21. Qxd4 Bxd4 22. Re4 Bc3 23. Rc4 Be5 24. Bg5 a4 25. g3 Bg7 26. Rd1 h6 27. Be3 Rec8 28. Rxc8+ Rxc8 29. Kf1 Bf8 30. Ke2 f5 31. Kd3 Rd8+ 32. Bd4 Bg7 33. Kc4 Kf7 34. Rd2 Rc8+ 35. Bc5 Bf8 36. Rd5 a3 37. h5 Kf6 38. Kb4 Rxc5 39. Rxc5 gxh5 40. Kc4 Bxc5 41. Kxc5 Kg5 42. Kb4 h4 43. gxh4+ Kxh4 44. Kxa3 h5 45. Kb4 Kg5 0-1

[Event "Lisbon Portugal op"]
[Site "Lisbon"]
[Date "2020.01.31"]
[Round "8"]
[White "Jaracz, Pawel"]
[Black "Rocha, Sergio MC"]
[Result "1/2-1/2"]
[WhiteElo "2466"]
[BlackElo "2343"]
[PlyCount "71"]
[EventDate "2020.01.25"]
[EventType "swiss"]
[EventRounds "9"]
[EventCountry "POR"]
[SourceTitle "CBM 194"]
[Source "ChessBase"]
[SourceDate "2020.01.27"]
[SourceVersion "1"]
[SourceVersionDate "2020.01.27"]
[SourceQuality "1"]

1. e4 c6 2. d4 d5 3. e5 Bf5 4. Nf3 e6 5. Be2 Nd7 6. 0-0 h6 7. c3 Ne7 8. Na3 a6 9. Nc2 Bh7 10. Bf4 Ng6 11. Bg3 Be7 12. Nfe1 0-0 13. b4 a5 14. a3 Nb6 15. Ne3 Ra7 16. f4 Nh4 17. Bxh4 Bxh4 18. Nd3 Qc7 19. Nc5 Rfa8 20. Rc1 axb4 21. axb4 Nd7 22. Nxd7 Qxd7 23. Bd3 Bxd3 24. Qxd3 Ra2 25. g3 Be7 26. h3 f5 27. exf6 Bxf6 28. Ng4 Qf7 29. f5 Rf8 30. fxe6 Qxe6 31. Nxh6+ gxh6 32. Qg6+ Kh8 33. Qxh6+ Kg8 34. Qg6+ Kh8 35. Qh6+ Kg8 36. Qg6+ 1/2-1/2

[Event "Lisbon Portugal op"]
[Site "Lisbon"]
[Date "2020.01.29"]
[Round "6"]
[White "Haldorsen, Benjamin"]
[Black "Rocha, Sergio MC"]
[Result "1-0"]
[WhiteElo "2463"]
[BlackElo "2343"]
[PlyCount "59"]
[EventDate "2020.01.25"]
[EventType "swiss"]
[EventRounds "9"]
[EventCountry "POR"]
[SourceTitle "CBM 194"]
[Source "ChessBase"]
[SourceDate "2020.01.27"]
[SourceVersion "1"]
[SourceVersionDate "2020.01.27"]
[SourceQuality "1"]

1. e4 d5 2. exd5 Qxd5 3. Nc3 Qa5 4. Bc4 Nf6 5. d3 c6 6. Bd2 Qc7 7. Qe2 Bf5 8. h3 h5 9. Nf3 Nbd7 10. a4 e6 11. a5 Bb4 12. 0-0 0-0-0 13. a6 b6 14. Rfe1 Bc5 15. d4 Bb4 16. Bd3 Bxd3 17. cxd3 Bxc3 18. bxc3 Rdg8 19. Ng5 Rf8 20. Qf3 Nb8 21. Bf4 Qd7 22. Qg3 h4 23. Qh2 Rh5 24. Nf3 Nxa6 25. Rxa6 Kb7 26. Rea1 Ra8 27. Bb8 Rb5 28. Rxa7+ Rxa7 29. Rxa7+ Kc8 30. Rc7+ 1-0

[Event "Lisbon Portugal op"]
[Site "Lisbon"]
[Date "2020.01.27"]
[Round "4"]
[White "Fernandes, Alberto Manuel"]
[Black "Rocha, Sergio MC"]
[Result "0-1"]
[WhiteElo "2092"]
[BlackElo "2343"]
[PlyCount "92"]
[EventDate "2020.01.25"]
[EventType "swiss"]
[EventRounds "9"]
[EventCountry "POR"]
[SourceTitle "CBM 194"]
[Source "ChessBase"]
[SourceDate "2020.01.27"]
[SourceVersion "1"]
[SourceVersionDate "2020.01.27"]
[SourceQuality "1"]

1. e4 Nf6 2. Nc3 d6 3. d4 c6 4. a4 g6 5. Nf3 Bg7 6. h3 0-0 7. Be2 a5 8. 0-0 Na6 9. Be3 Nb4 10. Nd2 d5 11. e5 Ne8 12. Nb3 Bf5 13. Rc1 f6 14. g4 Bc8 15. f4 Nc7 16. Qd2 f5 17. Kg2 b6 18. Nd1 Ne6 19. c3 Na6 20. gxf5 Rxf5 21. Bg4 Rf7 22. f5 gxf5 23. Rxf5 Rxf5 24. Bxf5 Nf4+ 25. Bxf4 Bxf5 26. Kh2 Qd7 27. Qg2 Rf8 28. Qg3 Bg6 29. Ne3 Nc7 30. Rg1 Ne6 31. Ng2 Qe8 32. Be3 Qf7 33. Nh4 Bc2 34. Nd2 Kh8 35. Qg4 Bd3 36. Rg3 Bc2 37. Rf3 Qg8 38. Rg3 c5 39. Ndf3 Qf7 40. Ne1 Be4 41. Nef3 h5 42. Ng6+ Bxg6 43. Qxg6 Qxg6 44. Rxg6 Rxf3 45. Bg1 Nf4 46. Rxb6 Rxh3# 0-1

[Event "Lisbon Portugal op"]
[Site "Lisbon"]
[Date "2020.01.26"]
[Round "2"]
[White "Rocha, Sergio MC"]
[Black "Ruiz Bellon, Manuel"]
[Result "1-0"]
[WhiteElo "2343"]
[BlackElo "1985"]
[PlyCount "69"]
[EventDate "2020.01.25"]
[EventType "swiss"]
[EventRounds "9"]
[EventCountry "POR"]
[SourceTitle "CBM 194"]
[Source "ChessBase"]
[SourceDate "2020.01.27"]
[SourceVersion "1"]
[SourceVersionDate "2020.01.27"]
[SourceQuality "1"]

1. d4 Nf6 2. Nf3 b6 3. c4 e6 4. Nc3 Bb4 5. Bg5 h6 6. Bh4 Bb7 7. e3 g5 8. Bg3 Ne4 9. Qc2 d6 10. Bd3 Bxc3+ 11. bxc3 Nxg3 12. hxg3 Nc6 13. Rb1 Qe7 14. Qa4 g4 15. Nh2 0-0-0 16. Be4 Qd7 17. Nxg4 d5 18. Bf3 f5 19. cxd5 exd5 20. Nf6 Qf7 21. Nh5 Na5 22. Nf4 Bc6 23. Qc2 Nc4 24. Rb4 Qd7 25. Rh5 a5 26. Rb3 a4 27. Rb4 Na3 28. Qc1 Nc4 29. Kf1 Rhg8 30. Kg1 Nd6 31. Nxd5 Qf7 32. Ne7+ Qxe7 33. Bxc6 Nb7 34. Rxa4 Na5 35. Rxa5 1-0

[Event "Lisbon Portugal op"]
[Site "Lisbon"]
[Date "2020.01.25"]
[Round "1"]
[White "Montero Montero, Juan Jose"]
[Black "Rocha, Sergio MC"]
[Result "0-1"]
[WhiteElo "1744"]
[BlackElo "2343"]
[PlyCount "58"]
[EventDate "2020.01.25"]
[EventType "swiss"]
[EventRounds "9"]
[EventCountry "POR"]
[SourceTitle "CBM 194"]
[Source "ChessBase"]
[SourceDate "2020.01.27"]
[SourceVersion "1"]
[SourceVersionDate "2020.01.27"]
[SourceQuality "1"]

1. e4 c5 2. Nf3 Nc6 3. d4 cxd4 4. Nxd4 Qb6 5. Nf3 Nf6 6. Bd3 e6 7. 0-0 d6 8. a3 Be7 9. b3 0-0 10. Bb2 a6 11. Nbd2 Qc7 12. Re1 Nd7 13. Nc4 b5 14. Ncd2 Nc5 15. Rc1 Bb7 16. Bf1 Rfd8 17. Qe2 a5 18. e5 d5 19. Nd4 b4 20. a4 Bg5 21. Nxc6 Qxc6 22. Rcd1 Ba6 23. Qg4 Bxd2 24. Rxd2 Ne4 25. Qf4 Bxf1 26. Rxf1 Nxd2 27. Qxd2 Rac8 28. Rc1 d4 29. f4 Qe4 0-1

[Event "EU-ch blitz"]
[Site "Tallinn"]
[Date "2019.12.07"]
[Round "9"]
[White "Frischmann, Rick"]
[Black "Rocha, Sergio MC"]
[Result "0-1"]
[WhiteElo "2450"]
[BlackElo "2249"]
[PlyCount "76"]
[EventDate "2019.12.07"]
[EventType "swiss (blitz)"]
[EventRounds "22"]
[EventCountry "EST"]
[SourceTitle "CBM 193 Extra"]
[Source "ChessBase"]
[SourceDate "2020.01.31"]
[SourceVersion "1"]
[SourceVersionDate "2020.01.31"]
[SourceQuality "1"]

1. e4 g6 2. d4 Bg7 3. Nf3 d6 4. Be3 a6 5. c4 Nc6 6. h3 e5 7. d5 Nce7 8. Nc3 f5 9. exf5 Nxf5 10. Bg5 Bf6 11. Ne4 Bxg5 12. Nexg5 Nf6 13. g4 Ng7 14. Qc2 Qe7 15. Bg2 0-0 16. 0-0 Bd7 17. Rae1 h6 18. Ne6 Bxe6 19. dxe6 Nxe6 20. Qxg6+ Qg7 21. Qc2 Nf4 22. Re3 Rae8 23. Nh4 Qg5 24. Nf5 Kh8 25. Rg3 b6 26. Kh2 Rf7 27. Bc6 Rg8 28. Rfg1 a5 29. f3 Nh7 30. h4 Qf6 31. Be4 Rff8 32. b3 Rc8 33. Qd2 Rcf8 34. Qe3 Re8 35. Qd2 Ref8 36. Re1 Qd8 37. Reg1 Rxf5 38. Bxf5 Qxh4+ 0-1